000 01340cam a22002531 4500
001 gs 13000022
003 DLC
005 20260227111313.0
008 920618s1912 ag ab b 000 0 spa c
010 _ags 13000022
035 _a(OCoLC)26041773
040 _aLibrary, U.S. Geol. survey
_cCSt
_dDLC
042 _apremarc
050 0 0 _aQE231
_b.B7
100 1 _aBodenbender, Guillermo,
_d1857-1941.
245 0 0 _aDescripciones regionales segunda sección.
_bParte meridional de la provincia de la Rioja y regiones limítrofes; constitutción geológica y productos minerales,
_cpor el dr. Guillermo Bodenbender ... con un plano geológico, un cuadro de perfiles y fotograbados ...
260 _aBuenos Aires,
_bTalleres de publicaciones de la Oficina meteorológica Argentina,
_c1912.
300 _a161 p., 3 l.
_billus., fold. map, 2 fold. col. diagr.
_c27 cm.
490 0 _aArgentine Republic. Ministerio de agricultura. Sección geología, mineralogía y minería. Anales.
_vt. VII, núm. 3
500 _aAt head of title: ... División de minas, geología é hidrología. Contribuciones al conocimiento geológico de la República Argentina. Materiales para el mapa geológico económico.
504 _a"Bibliografía": 2 leaves after p. 161.
650 0 _aMines and mineral resources
_zArgentina.
650 0 _aGeology
_zArgentina.
999 _c25219
_d25219